000
00287cam a22001097a 4500
008
180718b1996 xxu||||| |||| 00| 0 eng d
100
_a
Rai, Lala Lajpat
245
_a
Dukhi bharat
_c
by Lala Lajpat Rai
260
_a
New Delhi
_b
Bajrang Prakashan
_c
1996
300
_a
406p.
650
_a
Bharat
999
_c
439214
_d
439214